000 00726nam a22002417a 4500
001 000007905
005 20200929154338.0
008 910129s1993 sp 000 0 spa
020 _a8432070203
040 _aDO-SdBNP
_bspa
_cBNPHU
082 _a863.64
_bM364a
100 1 _aMarse, Juan,
_d1933-
_921688
245 1 3 _aEl amante bilingüe /
_cJuan Marse.
250 _a10 ed.
260 _aBarcelona :
_bPlaneta,
_c1993.
300 _a220 p. ;
_c21 cm.
490 1 _aAutores espanoles e hispanoamericanos
590 _aInventariado, 2019/VM
586 _aPremio Ateneo de Sevilla, 1990
650 4 _aNovela española
_91123
650 4 _aLiteratura española
_9632
830 0 _aAutores espanoles e hispanoamericanos
_95042
999 _c7683
_d7683